| 000 | 00990nam a22003017a 4500 | ||
|---|---|---|---|
| 001 | 00321 | ||
| 003 | DO-SdBNP | ||
| 005 | 20170131110609.0 | ||
| 007 | 00321 | ||
| 008 | 160509b dr 2000||||| |||| 00| 0 spa d | ||
| 040 |
_aBPMSU _bspa _cBPMSU |
||
| 082 |
_a372.5 _bR457e, 2do 2007 |
||
| 100 | 1 | _aReyes, Juana | |
| 245 | 1 |
_aEducación artística 2 / _cJuana Reyes ; edición José Molinaza ; ilustraciones Francisco Suárez |
|
| 250 | _a2a. ed. | ||
| 260 | 0 |
_aSanto Domingo : _bSecretaría de Estado de Educación ; _c2000. |
|
| 300 |
_a158 p. : _bil. ; _c27 cm. |
||
| 650 | 4 |
_aARTE _xENSEÑANZA BÁSICA |
|
| 650 | 4 |
_aARTE _xENSEÑANZA _xEDUCACIÓN PRIMARIA |
|
| 650 | 4 |
_aARTE _xENSEÑANZA _xLIBROS DE TEXTOS |
|
| 650 | 4 |
_aARTE _xENSEÑANZA _xEDUCACIÓN PRIMARIA |
|
| 650 | 4 |
_aEDUCACIÓN PRIMARIA _zREPÚBLICA DOMINICANA |
|
| 700 | 1 | 2 |
_aMolinaza, José, _eed. |
| 700 | 1 | 2 |
_aSuárez, Francisco, _eil. |
| 910 | _aValidado. Control de calidad MFF | ||
| 942 |
_2ddc _cBK |
||
| 956 | _aBTAVÁREZ | ||
| 999 |
_c10048 _d10048 |
||